HMRC Inheritance Tax Manual

Detalles Bibliográficos
Formato: eBook
Lenguaje:inglés
Materias:
Acceso en línea:Acceso restringido

MARC

LEADER 00000nam a22000007a 4500
005 20220817235628.0
007 cr|||| ||||
008 220817s2022 gb |||||s|||| 00||0 eng d
035 |a 36980 
040 |a vLex 
090 |c 13746  |d 13746 
245 0 0 |a HMRC Inheritance Tax Manual  |h [Recurso electrn̤ico] / 
256 |a Servicio en ln̕ea 
300 |a 1 recurso electrn̤ico 
500 |a Guidance on the assessment, collection and accounting of Inheritance Tax. 
506 1 |a Disponible solo en los productos indicados  |d vLex Global  |d vLex Global (Academic Edition, excluding Law Schools)  |d vLex Global (U.S. Academic Edition, Law Schools)  |d vLex Global (U.S. Academic Edition, excluding Law Schools)  |d vLex Global (Academic Edition, Law Schools) 
650 0 4 |a Derecho Fiscal  |z Reino Unido 
740 0 |a vLex Libros (Servicio en ln̕ea) 
856 4 0 |u https://app.vlex.com/#/sources/36980  |z Acceso restringido 
942 |c BOOK 
999 0 |a Tax Law